<?xml version="1.0" encoding="UTF-8"?><?xml-stylesheet type="text/xsl" href="static/style.xsl"?><OAI-PMH xmlns="http://www.openarchives.org/OAI/2.0/" xmlns:xsi="http://www.w3.org/2001/XMLSchema-instance" xsi:schemaLocation="http://www.openarchives.org/OAI/2.0/ http://www.openarchives.org/OAI/2.0/OAI-PMH.xsd"><responseDate>2026-04-13T13:11:39Z</responseDate><request verb="GetRecord" identifier="oai:www.recercat.cat:2117/444909" metadataPrefix="marc">https://recercat.cat/oai/request</request><GetRecord><record><header><identifier>oai:recercat.cat:2117/444909</identifier><datestamp>2026-02-02T06:41:37Z</datestamp><setSpec>com_2072_1033</setSpec><setSpec>col_2072_452950</setSpec></header><metadata><record xmlns="http://www.loc.gov/MARC21/slim" xmlns:dcterms="http://purl.org/dc/terms/" xmlns:xsi="http://www.w3.org/2001/XMLSchema-instance" xmlns:doc="http://www.lyncode.com/xoai" xsi:schemaLocation="http://www.loc.gov/MARC21/slim http://www.loc.gov/standards/marcxml/schema/MARC21slim.xsd">
   <leader>00925njm 22002777a 4500</leader>
   <datafield ind2=" " ind1=" " tag="042">
      <subfield code="a">dc</subfield>
   </datafield>
   <datafield ind2=" " ind1=" " tag="720">
      <subfield code="a">Platikanov, Stefan</subfield>
      <subfield code="e">author</subfield>
   </datafield>
   <datafield ind2=" " ind1=" " tag="720">
      <subfield code="a">Palomas Jiménez, Abel</subfield>
      <subfield code="e">author</subfield>
   </datafield>
   <datafield ind2=" " ind1=" " tag="720">
      <subfield code="a">Cedeño Mata, Kristel Michelle</subfield>
      <subfield code="e">author</subfield>
   </datafield>
   <datafield ind2=" " ind1=" " tag="720">
      <subfield code="a">Tauler, Romà</subfield>
      <subfield code="e">author</subfield>
   </datafield>
   <datafield ind2=" " ind1=" " tag="720">
      <subfield code="a">Villar, Jorge</subfield>
      <subfield code="e">author</subfield>
   </datafield>
   <datafield ind2=" " ind1=" " tag="720">
      <subfield code="a">Bragós Bardia, Ramon</subfield>
      <subfield code="e">author</subfield>
   </datafield>
   <datafield ind2=" " ind1=" " tag="720">
      <subfield code="a">Bermejo Broto, Sandra</subfield>
      <subfield code="e">author</subfield>
   </datafield>
   <datafield ind2=" " ind1=" " tag="720">
      <subfield code="a">Jaumot, Joaquim</subfield>
      <subfield code="e">author</subfield>
   </datafield>
   <datafield ind2=" " ind1=" " tag="720">
      <subfield code="a">Lacorte, Sílvia</subfield>
      <subfield code="e">author</subfield>
   </datafield>
   <datafield ind2=" " ind1=" " tag="260">
      <subfield code="c">2025-09-01</subfield>
   </datafield>
   <datafield ind2=" " ind1=" " tag="520">
      <subfield code="a">Monitoring dissolved organic matter (DOM) in surface waters is essential for assessing ecosystem health and detecting pollution. However, conventional spectroscopic techniques often provide limited information about the electrochemical behavior of DOM. This study integrates electrochemical impedance spectroscopy (EIS) with classical methods such as UV-Vis absorption and fluorescence spectroscopies to improve DOM characterization in river water samples. In particular, this coupling provides additional insights into the electrochemical properties of DOM, which are not captured by conventional spectroscopic techniques. This study combined multiple data sources, including physicochemical parameters (e.g., water temperature, pH, conductivity), EIS spectral scores, fluorescence indices, and DOM fractions resolved by multivariate curve resolution-alternating least squares (MCR-ALS) applied to excitation-emission matrix (EEM) fluorescence data. The results from these different methods were then merged into a single dataset for a global principal component analysis (PCA), which allowed us to identify shared patterns and correlations across methods. The results revealed that low-altitude rivers showed the highest DOM content, followed by mid-altitude rivers, while high-altitude rivers presented the lowest. The PCA model indicated that low-frequency regions in the EIS spectra correlated with higher DOM content, whereas mid- to high-frequency regions were associated with lower DOM levels. These frequency-dependent patterns reflected differences in charge transfer and dielectric behavior of DOM in the river samples, which are not accessible through optical techniques. This highlights the potential of EIS as a complementary tool that provides electrochemical information on DOM composition for better water quality assessment.</subfield>
   </datafield>
   <datafield ind2=" " ind1=" " tag="520">
      <subfield code="a">Postprint (published version)</subfield>
   </datafield>
   <datafield tag="653" ind2=" " ind1=" ">
      <subfield code="a">Àrees temàtiques de la UPC::Enginyeria química::Química física::Electroquímica</subfield>
   </datafield>
   <datafield tag="653" ind2=" " ind1=" ">
      <subfield code="a">Data integration</subfield>
   </datafield>
   <datafield tag="653" ind2=" " ind1=" ">
      <subfield code="a">Electrochemical impedance spectroscopy</subfield>
   </datafield>
   <datafield tag="653" ind2=" " ind1=" ">
      <subfield code="a">Fluorescence</subfield>
   </datafield>
   <datafield tag="653" ind2=" " ind1=" ">
      <subfield code="a">Multivariate curve resolution</subfield>
   </datafield>
   <datafield tag="653" ind2=" " ind1=" ">
      <subfield code="a">UV–vis</subfield>
   </datafield>
   <datafield ind2="0" ind1="0" tag="245">
      <subfield code="a">Coupling electrochemical and spectroscopic methods for river water dissolved organic matter characterization</subfield>
   </datafield>
</record></metadata></record></GetRecord></OAI-PMH>